Arvaa Suomen kunnat - Statistics

Yleistilastot
  • Tätä visaa on pelattu 334 kertaa
  • Keskiarvotulos 34 / 54
Vastaustilastot
maakunta kunta kohde % Oikein
Pohjois-Savo Kuopio Puijo
86%
Etelä-Savo Savonlinna Olavinlinna
85%
Etelä-Pohjanmaa Ähtäri * eläinpuisto
84%
Pohjois-Pohjanmaa Kalajoki Hiekkasärkät
84%
Pirkanmaa Tampere Vapriikki
84%
Päijät-Häme Lahti Salpausselkä
81%
Uusimaa Helsinki Temppeliaukion kirkko
80%
Keski-Suomi Jyväskylä Laajavuori
80%
Ahvenanmaa Maarianhamina Museolaiva Pommern
80%
Pohjois-Pohjanmaa Oulu Rotuaari
80%
Satakunta Pori Kirjurinluoto
79%
Lappi Kemi Lumilinna
78%
Etelä-Savo Mikkeli Visulahti
77%
Keski-Suomi Jämsä Himos
76%
Etelä-Pohjanmaa Seinäjoki Lakeuden risti
76%
Kanta-Häme Hämeenlinna Ahveniston moottorirata
75%
Etelä-Karjala Imatra Valtiohotelli
75%
Lappi Kittilä Levi
75%
Varsinais-Suomi Turku Suomen Joutsen -purjelaiva
74%
Kymenlaakso Hamina Reserviupseerikoulu
73%
Kymenlaakso Kotka Kymin kirkko
72%
Kainuu Sotkamo Vuokatti
72%
Varsinais-Suomi Naantali Kultaranta
71%
Pohjanmaa Vaasa Pohjanmaan museo
71%
Lappi Inari Saamelaismuseo Siida
69%
Kainuu Suomussalmi Hiljainen kansa
67%
Etelä-Pohjanmaa Alavus Tuurin kyläkauppa
63%
Pohjois-Karjala Lieksa Koli
63%
Kymenlaakso Virolahti Vaalimaan raja-asema
60%
Päijät-Häme Heinola Vierumäki(Suomen Urheiluopisto)
59%
Uusimaa Järvenpää Ainola
58%
Etelä-Karjala Ruokolahti * leijona
58%
Pohjois-Karjala Heinävesi Valamon luostari
57%
Ahvenanmaa Eckerö Storbyn juhannussalko
54%
Pohjois-Savo Iisalmi Koljonvirta
54%
Etelä-Karjala Parikkala * patsaspuisto
53%
Kainuu Hyrynsalmi Suopotkupallon & umpihankifutiksen MM-kisat
52%
Pohjois-Karjala Kontiolahti * ampumahiihtokeskus
52%
Satakunta Eurajoki Olkiluoto
51%
Uusimaa Raasepori Fiskarsin ruukki
51%
Satakunta Kankaanpää Niinisalon varuskunta
49%
Pohjois-Pohjanmaa Pudasjärvi Syöte
49%
Pohjanmaa Mustasaari Raippaluodon silta
48%
Kanta-Häme Janakkala Puuhamaa
47%
Päijät-Häme Asikkala Vääksyn kanava
46%
Kanta-Häme Hattula Parolan Panssarimuseo
46%
Etelä-Savo Hirvensalmi kartanohotelli Satulinna
45%
Pohjois-Savo Varkaus Mekaanisen musiikin museo
43%
Varsinais-Suomi Parainen Utön majakka
42%
Pirkanmaa Sastamala Tyrvään Pyhän Olavin kirkko
42%
Ahvenanmaa Sund Kastelholman linna
42%
Pirkanmaa Ruovesi Helvetinjärven kansallispuisto
40%
Pohjanmaa Laihia Kotiseutu- ja Nuukuuren museo
33%
Keski-Suomi Petäjävesi Takomarkkinat
20%
Ehtoja vastaavia visoja ei löytynyt
Tulosjakauma
Jokaisen tuloksen saaneiden osuus
Persentiili vastausten määrän mukaan
Tuloshistoriasi
Et ole pelannut tätä visaa